Riconosci la Squadra di calcio - Quiz n°54 - Statistics

Statistiche generali
  • Questo quiz è stato fatto 9 volte
  • Il punteggio medio è 4 su 10
Statistiche sulle risposte
Indizio Risposta % Corretto
Colori sociali Bianco, blu
88%
Simboli Fenice
75%
Titoli nazionali 13 Campionati Ciprioti
63%
Confederazione UEFA
63%
Trofei internazionali 0
38%
Trofei nazionali 11 Coppe di Cipro 7 Supercoppe di Cipro
38%
Capienza Stadio 9 782 posti
13%
Divisione nazionale 2023-2024 Prima
13%
Fondazione 1911
0%
Squadra Anorthosis
0%
Nessun quiz corrispondente trovato
Distribuzione punteggi
Percentuale di utenti per punteggio
Percentile per numero di risposta
I tuoi punteggi nel tempo
Non hai fatto questo quiz